000 00284nam a22001337a 4500
008 170414b xxu||||| |||| 00| 0 eng d
020 _a1560534915
041 _aeng
080 _a618
100 _a10
101 _aSHM
245 _aNENATOLOGY REWIEW
_cBRODSKY.D
942 _2udc
_cBK
999 _c10773
_d10773